000 00919cam a2200193 i 4500
005 20251221095757.0
008 250721s2001 jo gr 000 0 ara d
082 1 4 _a218.413
_bع ز ي
100 1 _aالعزيزي، "محمد رامز" عبد الفتاح مصطفى
_eمؤلف.
245 1 0 _aالمسجد الأقصى في الإسلام و شروط زوال دولة اليهود المزعومة كما ورد في القرآن الكريم/
_cبقلم الدكتور "محمد رامز" عبد الفتاح مصطفى العزيزي ؛ مراجعة السيد محمود عواد.
250 _aالطبعة الاولى.
264 3 1 _aعمان :
_bدار الجيل العربي للنشر و التوزيع،
_c2001.
300 _a70صفحة.
650 1 7 _aالمسجد الأقصى.
650 1 7 _aاليهود.
650 1 7 _aالقرآن الكريم.
942 _2ddc
_cBK
999 _c25960
_d25960